[Event "UKR-ch Semifinal 2019"]
[Site "Omelnyk"]
[Date "2019.10.11"]
[Round "4.1"]
[White "Vysochin, Spartak"]
[Black "Kovchan, Alexander"]
[Result "1/2-1/2"]
[WhiteElo "2497"]
[BlackElo "2570"]
[Annotator "ChessBase"]
[PlyCount "34"]
[EventDate "2019.10.06"]
[EventType "swiss"]
[EventCountry "UKR"]
[SourceTitle "playchess.com"]
[Source "ChessBase"]
[SourceQuality "1"]
[TimeControl "40/5400+30:1800+30"]

1. e4 c5 2. c3 d5 3. exd5 Qxd5 4. d4 e6 5. Nf3 Nf6 6. Na3 Nc6 7. Be3 Ng4 8. Nb5 Nxe3 9. fxe3 Qd8 10. d5 exd5 11. Qxd5 Be6 12. Qxd8+ Kxd8 13. Ng5 a6 14. Rd1+ Kc8 15. Nxe6 fxe6 16. Nd6+ Bxd6 17. Rxd6 Re8 1/2-1/2

[Event "UKR-ch Semifinal 2019"]
[Site "Omelnyk"]
[Date "2019.10.11"]
[Round "4.2"]
[White "Bernadskiy, Vitaliy"]
[Black "Matviishen, Viktor"]
[Result "1-0"]
[WhiteElo "2554"]
[BlackElo "2494"]
[Annotator "ChessBase"]
[PlyCount "79"]
[EventDate "2019.10.06"]
[EventType "swiss"]
[EventCountry "UKR"]
[SourceTitle "playchess.com"]
[Source "ChessBase"]
[SourceQuality "1"]
[TimeControl "40/5400+30:1800+30"]

1. c4 c6 2. Nf3 Nf6 3. g3 d5 4. Bg2 g6 5. Qa4 Nbd7 6. cxd5 cxd5 7. Nc3 Bg7 8. O-O O-O 9. d4 Nb6 10. Qb3 Ne4 11. a4 Nxc3 12. bxc3 a5 13. Bf4 Bd7 14. Rfb1 Ra6 15. Bf1 Bc6 16. e4 Nc4 17. Bxc4 dxc4 18. Qc2 e6 19. Qe2 f5 20. Ng5 fxe4 21. Nxe6 Qd5 22. Nc7 Qf7 23. Nxa6 bxa6 24. Rb6 Qd5 25. Rxa6 e3 26. f3 g5 27. Rxc6 Qxc6 28. Bxg5 Rxf3 29. Bxe3 Rf8 30. Qg2 Qxg2+ 31. Kxg2 Rb8 32. Kf3 Rb3 33. Rc1 Kf7 34. Ke4 Ke6 35. d5+ Kd6 36. Bd4 Bxd4 37. Kxd4 Ra3 38. Rf1 Rxa4 39. Rf6+ Ke7 40. Ra6 1-0

[Event "UKR-ch Semifinal 2019"]
[Site "Omelnyk"]
[Date "2019.10.11"]
[Round "4.4"]
[White "Belous, Mikhail"]
[Black "Vetoshko, Volodymyr"]
[Result "1/2-1/2"]
[WhiteElo "2319"]
[BlackElo "2506"]
[Annotator "ChessBase"]
[PlyCount "30"]
[EventDate "2019.10.06"]
[EventType "swiss"]
[EventCountry "UKR"]
[SourceTitle "playchess.com"]
[Source "ChessBase"]
[SourceQuality "1"]
[TimeControl "40/5400+30:1800+30"]

1. d4 Nf6 2. c4 e6 3. Nf3 d5 4. Nc3 a6 5. c5 b6 6. cxb6 cxb6 7. Bf4 Bd6 8. e3 O-O 9. Bd3 Bb7 10. Ne5 Nc6 11. Nxc6 Bxc6 12. Bxd6 Qxd6 13. O-O Ne4 14. Rc1 f5 15. f3 Nxc3 1/2-1/2

[Event "UKR-ch Semifinal 2019"]
[Site "Omelnyk"]
[Date "2019.10.11"]
[Round "4.5"]
[White "Shalimov, Valery"]
[Black "Golubka, Petro"]
[Result "1/2-1/2"]
[WhiteElo "2391"]
[BlackElo "2471"]
[Annotator "ChessBase"]
[PlyCount "44"]
[EventDate "2019.10.06"]
[EventType "swiss"]
[EventCountry "UKR"]
[SourceTitle "playchess.com"]
[Source "ChessBase"]
[SourceQuality "1"]
[TimeControl "40/5400+30:1800+30"]

1. d4 g6 2. e4 Bg7 3. Nf3 d6 4. Bc4 e6 5. O-O Ne7 6. Re1 Nd7 7. a4 a5 8. Nc3 O-O 9. Be3 b6 10. Qd2 Nf6 11. Bh6 Bb7 12. Bxg7 Kxg7 13. Rab1 Nfg8 14. Qf4 h6 15. h4 Nf6 16. Qh2 d5 17. exd5 Nfxd5 18. Nxd5 Bxd5 19. Ne5 Bxc4 20. Nxc4 Rc8 21. Qe5+ Kh7 22. g3 h5 1/2-1/2

[Event "UKR-ch Semifinal 2019"]
[Site "Omelnyk"]
[Date "2019.10.11"]
[Round "4.6"]
[White "Mirzoev, Emil"]
[Black "Polivanov, Anatoliy"]
[Result "1/2-1/2"]
[WhiteElo "2455"]
[BlackElo "2411"]
[Annotator "ChessBase"]
[PlyCount "87"]
[EventDate "2019.10.06"]
[EventType "swiss"]
[EventCountry "UKR"]
[SourceTitle "playchess.com"]
[Source "ChessBase"]
[SourceQuality "1"]
[TimeControl "40/5400+30:1800+30"]

1. d4 e6 2. Nf3 f5 3. g3 Nf6 4. Bg2 g6 5. O-O Bg7 6. c4 O-O 7. Nc3 d6 8. b3 Nc6 9. Bb2 e5 10. dxe5 dxe5 11. e4 Qxd1 12. Raxd1 Nxe4 13. Nxe4 fxe4 14. Nd2 Bg4 15. Rde1 Rad8 16. Nxe4 Nd4 17. Bxd4 exd4 18. h3 Bf5 19. g4 Bxe4 20. Bxe4 d3 21. Rd1 d2 22. Bxb7 Rfe8 23. Bc6 Re2 24. Bf3 Re7 25. Rb1 Bc3 26. b4 Re1 27. Bd1 Rde8 28. c5 Rxf1+ 29. Kxf1 Re1+ 30. Kg2 Kg7 31. a4 g5 32. b5 Bd4 33. c6 Bc3 34. Kg3 Kf6 35. f4 h6 36. f5 Ke5 37. Kf3 Bd4 38. a5 Re3+ 39. Kg2 Re1 40. b6 axb6 41. a6 b5 42. Rxb5+ Kd6 43. Rb1 Ke7 44. Kf3 1/2-1/2

[Event "UKR-ch Semifinal 2019"]
[Site "Omelnyk"]
[Date "2019.10.11"]
[Round "5.1"]
[White "Kovchan, Alexander"]
[Black "Bernadskiy, Vitaliy"]
[Result "1/2-1/2"]
[WhiteElo "2570"]
[BlackElo "2554"]
[Annotator "TA"]
[PlyCount "53"]
[EventDate "2019.10.06"]
[EventType "swiss"]
[EventCountry "UKR"]
[SourceTitle "playchess.com"]
[Source "ChessBase"]
[SourceQuality "1"]

{[%evp 20,53,26,16,12,15,14,4,2,1,25,4,15,8,5,0,0,4,0,0,14,-6,0,-16,5,0,-7,-7,-7,0,0,-22,-18,-20,-18,-20]} 1. e4 c5 2. Nf3 Nc6 3. d4 cxd4 4. Nxd4 Nf6 5. Nc3 e5 6. Ndb5 d6 7. Bg5 a6 8. Na3 b5 9. Nd5 Be7 10. Bxf6 Bxf6 11. c4 b4 {B33: Sicilian: Pelikan and Sveshnikov Variations} 12. Nc2 O-O 13. g3 a5 (13... Bg5 14. Bg2 a5 15. O-O Ne7 16. Nce3 Bxe3 17. Nxe3 Be6 18. b3 Ra7 19. Qd3 {½-½ (52) Nepomniachtchi,I (2776)-Yu,Y (2763) Khanty-Mansiysk 2019}) 14. Bg2 g6 15. O-O Bg7 {The position is equal.} 16. Qe2 h5 $146 ({Predecessor:} 16... Be6 17. Rad1 Rc8 18. b3 Bxd5 19. Rxd5 Nd4 20. Nxd4 exd4 {½-½ (38) Smirnov,I (2450)-Abel,D (2302) Pardubice 2006}) 17. Rfd1 Bg4 18. Bf3 Be6 19. Rd3 Qb8 20. Qd2 Kh7 21. Rd1 Bxd5 22. cxd5 Nd8 {[%cal Bc6d8,Bd8b7,Bb7c5][%mdl 32]} 23. a3 bxa3 24. Nxa3 Nb7 25. Rb3 Qc7 26. Rb5 Nc5 27. Qc2 {Accuracy: White = 55%, Black = 57%.} 1/2-1/2

[Event "UKR-ch Semifinal 2019"]
[Site "Omelnyk"]
[Date "2019.10.11"]
[Round "5.2"]
[White "Frolov, Artur"]
[Black "Vysochin, Spartak"]
[Result "1/2-1/2"]
[WhiteElo "2423"]
[BlackElo "2497"]
[Annotator "TA"]
[PlyCount "47"]
[EventDate "2019.10.06"]
[EventType "swiss"]
[EventCountry "UKR"]
[SourceTitle "playchess.com"]
[Source "ChessBase"]
[SourceQuality "1"]

{[%evp 13,47,12,29,20,39,8,15,12,20,12,29,12,31,31,31,24,27,24,31,6,6,3,7,4,5,5,0,13,11,0,0,-26,-22,-20,-21,-26]} 1. e4 e6 2. d4 d5 3. Nd2 {[%cal Bb1d2,Bd2b3,Bb3d4][%mdl 32]} c5 4. exd5 Qxd5 5. Ngf3 cxd4 6. Bc4 Qd8 7. O-O a6 8. Nb3 {C07: French Tarrasch: 3...c5, 4 Ngf3 and 4 exd5 Qxd5} Nc6 9. Nfxd4 (9. Nbxd4 Nxd4 10. Nxd4 Qc7 11. Bd3 Nf6 12. Re1 Bd6 13. h3 O-O 14. Bg5 Be5 15. c3 h6 16. Nf3 Bxc3 {1-0 (51) Mamedov,R (2709)-Le,Q (2737) Huaian 2017}) 9... Nxd4 10. Qxd4 Qxd4 11. Nxd4 Bd7 12. Re1 Rc8 13. Bd5 $146 ({Predecessor:} 13. Be2 Bc5 14. c3 Bxd4 15. cxd4 Ne7 16. b3 {½-½ (55) Nielsen,R (2339)-Malakhatko,V (2545) Runavik 2018}) 13... Bc5 14. Nb3 Bb6 15. Bxb7 Rxc2 16. Be3 (16. Nd2 {is more complex.} a5 17. Be4 Rc8 18. b3 Bd4 19. Rb1) 16... Bxe3 17. Rxe3 Rxb2 18. Bxa6 Nf6 19. Re2 Rxe2 20. Bxe2 Ke7 21. Bf3 Rc8 22. Rc1 Rxc1+ 23. Nxc1 Kd6 24. Kf1 {Accuracy: White = 53%, Black = 67%.} 1/2-1/2

[Event "UKR-ch Semifinal 2019"]
[Site "Omelnyk"]
[Date "2019.10.11"]
[Round "5.3"]
[White "Vetoshko, Volodymyr"]
[Black "Shalimov, Valery"]
[Result "1/2-1/2"]
[WhiteElo "2506"]
[BlackElo "2391"]
[Annotator "TA"]
[PlyCount "33"]
[EventDate "2019.10.06"]
[EventType "swiss"]
[EventCountry "UKR"]
[SourceTitle "playchess.com"]
[Source "ChessBase"]
[SourceQuality "1"]

{[%evp 12,33,-18,-29,31,33,35,26,62,-14,-19,-24,-10,-24,6,-43,-33,-33,-43,-72,-75,-72,-75,-87]} 1. d4 Nf6 2. c4 e6 3. Nc3 Bb4 4. g3 O-O 5. Bg2 d5 6. Nf3 dxc4 7. O-O Bd7 {E20: Nimzo-Indian: 4 g3 and 4 f3} (7... Nc6 $11) (7... Nc6 8. Qa4 Nd5 9. Qc2 Be7 10. Rd1 Ncb4 11. Qd2 Rb8 12. Ne5 Nb6 13. a3 N4d5 14. e4 Nxc3 15. Qxc3 Bd7 16. Nxc4 Nxc4 17. Qxc4 {1-0 (70) Dubov,D (2700)-Anand,V (2764) Paris 2019}) 8. Ne5 $14 Bc6 9. e4 a6 {White has an edge.} 10. a4 (10. Re1 $14) 10... Bxc3 $11 11. Nxc6 Nxc6 12. bxc3 e5 $146 ({Predecessor:} 12... Na5 13. Ra2 Nb3 14. Bg5 h6 15. Be3 Qd7 16. g4 c5 17. f4 cxd4 18. cxd4 Rfd8 19. g5 Ne8 20. gxh6 Nxd4 21. Rd2 {1-0 (21) Sivakumar,A (2221)-Kucza,K (2320) Wroclaw 2017}) 13. d5 Na5 $1 14. Ra2 Nb3 15. Ba3 Re8 16. Qe2 b5 17. Bh3 1/2-1/2

[Event "UKR-ch Semifinal 2019"]
[Site "Omelnyk"]
[Date "2019.10.11"]
[Round "5.4"]
[White "Matviishen, Viktor"]
[Black "Belous, Mikhail"]
[Result "1/2-1/2"]
[WhiteElo "2494"]
[BlackElo "2319"]
[Annotator "TA"]
[PlyCount "40"]
[EventDate "2019.10.06"]
[EventType "swiss"]
[EventCountry "UKR"]
[SourceTitle "playchess.com"]
[Source "ChessBase"]
[SourceQuality "1"]

{[%evp 18,40,42,33,40,30,25,31,33,28,36,24,43,23,25,23,24,12,33,24,50,14,18,0,14]} 1. d4 Nf6 2. c4 g6 3. Nc3 Bg7 4. e4 d6 5. h3 O-O 6. Be3 c5 7. Nf3 cxd4 8. Nxd4 Nc6 9. Be2 Bd7 10. O-O Nxd4 {B38: Sicilian: Maroczy Bind with 5...Bg7 and 7...0-0} 11. Bxd4 a5 12. Qc2 Bc6 {White is slightly better.} 13. Rad1 Nd7 14. Bxg7 Kxg7 {[#]} 15. f4 $146 ({Predecessor:} 15. Bg4 Ne5 16. c5 Nxg4 17. hxg4 Qc8 18. cxd6 Qxg4 19. dxe7 Rfe8 {1-0 (43) Cheparinov,I (2711)-Amin,B (2709) Zagreb 2018}) 15... a4 16. Kh2 Qa5 17. Rfe1 Qb4 18. Bf1 Nb6 19. a3 Qc5 20. Qd3 Rac8 {Accuracy: White = 41%, Black = 68%.} 1/2-1/2

[Event "UKR-ch Semifinal 2019"]
[Site "Omelnyk"]
[Date "2019.10.11"]
[Round "5.5"]
[White "Golubka, Petro"]
[Black "Malovanyi, Yulian"]
[Result "1/2-1/2"]
[WhiteElo "2471"]
[BlackElo "2351"]
[Annotator "TA"]
[PlyCount "115"]
[EventDate "2019.10.06"]
[EventType "swiss"]
[EventCountry "UKR"]
[SourceTitle "playchess.com"]
[Source "ChessBase"]
[SourceQuality "1"]

{[%evp 17,115,10,60,33,67,27,27,32,36,41,38,44,44,47,44,34,68,56,106,57,66,85,108,97,111,77,77,64,72,73,78,51,170,153,384,352,581,252,286,274,296,212,198,158,156,163,162,130,349,129,129,160,133,100,110,104,154,161,174,64,231,204,212,222,229,213,224,224,224,224,242,182,175,121,133,112,141,93,83,76,91,79,99,76,96,19,63,33,63,63,88,0,0,0,0,0,0,0,0,0]} 1. c4 c5 2. Nc3 Nf6 3. g3 g6 4. Bg2 Bg7 5. e3 O-O 6. Nge2 Nc6 7. O-O d6 8. d4 cxd4 9. exd4 Bg4 10. Be3 {E61: King's Indian: Early deviations for White, including Smyslov System} Rc8 11. f3 $146 ({Predecessor:} 11. h3 Bxe2 12. Qxe2 Nd7 13. Qd2 a6 14. Rac1 Qa5 15. b3 f5 16. Rfe1 Nf6 17. d5 Ne5 {1-0 (56) Flores,D (2558)-Galego,L (2529) Morelia 2008}) 11... Bd7 12. d5 {White has an edge.} Na5 13. b3 a6 14. Qd2 b5 15. cxb5 axb5 16. Rac1 b4 17. Ne4 Rb8 18. Rfe1 Nxe4 19. fxe4 Rb7 20. Nd4 Qa8 21. Rc2 Rc8 22. Rec1 Rxc2 23. Rxc2 Rb8 24. Qc1 Rc8 ({Better is} 24... h5 $14) 25. Rxc8+ $18 Bxc8 $2 (25... Qxc8 $16 {is a better defense.} 26. Qxc8+ Bxc8) 26. Qc7 Bf6 $2 {[#]} (26... Bf8 27. h3 h5) 27. Nc2 (27. e5 $142 $1 {[%mdl 512]} dxe5 28. d6) 27... Kg7 28. Nxb4 Nb7 29. Qc2 Qa5 30. Nd3 ({Less strong is} 30. Qxc8 Qxb4 31. Qc1 Bd4 $14) 30... Bd7 31. Bf1 Bb5 32. Nf2 h5 $2 (32... Bxf1 $16 33. Kxf1 Nc5) 33. Qd2 $2 (33. Bd2 $18 {is the precise move to win.} Qb6 34. Bxb5 Qxb5 35. b4) 33... Qa6 $16 34. Bxb5 Qxb5 35. Kg2 Nc5 36. Qc2 $36 {[%mdl 2048] White has strong initiative.} Qa5 37. Bd2 $1 {[%cal Rd2a5]} Qa6 38. Bc3 (38. b4 $1 $18 {[%cal Rb4c5]} Na4 39. Qb3) 38... Qb5 $2 (38... Bxc3 $14 39. Qxc3+ Kh7) 39. b4 $18 Na4 40. Bxf6+ exf6 {[#]} 41. a3 $1 Qa6 42. Qc6 Qa7 43. Qxd6 Qe3 44. Qa6 Nb2 45. h4 (45. Qf1 $18) 45... Qd2 46. Qf1 f5 {next ...fxe4 is good for Black.} 47. exf5 Qxd5+ 48. Kg1 {Strongly threatening fxg6.} Qxf5 49. Qe2 Qb1+ 50. Kg2 {b5 is the strong threat.} Qa2 51. b5 (51. g4 $16) 51... Qd5+ 52. Kh2 Nc4 53. a4 (53. b6 $5 {[%cal Rb6b7]} Ne5 54. Qe4 (54. Qb2 Kh7 $11) 54... Ng4+ 55. Kg2 $14) 53... Ne5 {[#]} 54. Qb2 (54. Kh3 $1 $16) 54... Kh7 $11 {The position is equal.} 55. b6 Nf3+ 56. Kg2 $1 Nd2+ 57. Kg1 {Threatening Qb4.} Nf3+ 58. Kg2 {Accuracy: White = 40%, Black = 46%.} 1/2-1/2

[Event "UKR-ch Semifinal 2019"]
[Site "Omelnyk"]
[Date "2019.10.11"]
[Round "5.6"]
[White "Voitovich, Vladislav"]
[Black "Mirzoev, Emil"]
[Result "0-1"]
[WhiteElo "2306"]
[BlackElo "2455"]
[Annotator "RC"]
[PlyCount "96"]
[EventDate "2019.10.06"]
[EventType "swiss"]
[EventCountry "UKR"]
[SourceTitle "playchess.com"]
[Source "ChessBase"]
[SourceQuality "1"]
[TimeControl "40/5400+30:1800+30"]

1. d4 Nf6 2. c4 g6 3. Nc3 d5 4. cxd5 Nxd5 5. e4 Nxc3 6. bxc3 Bg7 7. Bc4 O-O 8. Ne2 c5 9. O-O Nc6 10. Be3 Qc7 11. Rc1 Rd8 12. h3 b6 13. f4 e6 14. Qe1 Na5 15. Bd3 Bb7 16. f5 exf5 17. exf5 Re8 18. Bf4 Qe7 19. fxg6 hxg6 20. Bb5 Bc6 21. Bxc6 Nxc6 22. d5 Qxe2 23. Qxe2 Rxe2 24. dxc6 Rc8 25. c7 Be5 26. Bxe5 Rxe5 27. Rcd1 Rxc7 28. Kf2 Rce7 29. Rd2 Rf5+ 30. Kg1 Rxf1+ 31. Kxf1 Re4 32. Kf2 Kg7 33. Kf3 Rc4 34. Rc2 Kf6 35. Ke3 Ke5 36. Kd3 Ra4 37. Re2+ Kd5 38. Rf2 c4+ 39. Ke3 Ra3 40. Rxf7 Rxc3+ 41. Kd2 Ra3 42. g4 Rxa2+ 43. Kc3 Ra3+ 44. Kc2 Rxh3 45. Rg7 b5 46. Rxg6 b4 47. Rg8 Rh2+ 48. Kd1 b3 0-1

[Event "UKR-ch Semifinal 2019"]
[Site "Omelnyk"]
[Date "2019.10.11"]
[Round "6.3"]
[White "Vysochin, Spartak"]
[Black "Vetoshko, Volodymyr"]
[Result "1-0"]
[WhiteElo "2497"]
[BlackElo "2506"]
[Annotator "RC"]
[PlyCount "67"]
[EventDate "2019.10.06"]
[EventType "swiss"]
[EventCountry "UKR"]
[SourceTitle "playchess.com"]
[Source "ChessBase"]
[SourceQuality "1"]
[TimeControl "40/5400+30:1800+30"]

1. e4 e5 2. Bc4 Nf6 3. d3 Nc6 4. Nc3 Na5 5. Bb3 Nxb3 6. axb3 Be7 7. Nf3 d6 8. d4 exd4 9. Qxd4 a6 10. Bg5 O-O 11. O-O-O Be6 12. e5 dxe5 13. Qxe5 Qc8 14. Qg3 c5 15. Rhe1 b5 16. Bh6 Ng4 17. Bxg7 Kxg7 18. Nd5 Bxd5 19. Rxd5 Ra7 20. h3 c4 21. bxc4 Qxc4 22. Qxg4+ Qxg4 23. hxg4 Bf6 24. g5 Bd8 25. Nd4 Bc7 26. Nf5+ Kg6 27. Ne7+ Kg7 28. Nc6 Bf4+ 29. Kb1 Rc7 30. Nb4 Kg6 31. Nd3 Bxg5 32. Ne5+ Kh6 33. Rh1+ Kg7 34. Nd7 1-0

[Event "UKR-ch Semifinal 2019"]
[Site "Omelnyk"]
[Date "2019.10.11"]
[Round "6.4"]
[White "Shalimov, Valery"]
[Black "Matviishen, Viktor"]
[Result "1-0"]
[WhiteElo "2391"]
[BlackElo "2494"]
[Annotator "ChessBase"]
[PlyCount "63"]
[EventDate "2019.10.06"]
[EventType "swiss"]
[EventCountry "UKR"]
[SourceTitle "playchess.com"]
[Source "ChessBase"]
[SourceQuality "1"]
[TimeControl "40/5400+30:1800+30"]

1. d4 Nf6 2. Nf3 d5 3. Bf4 e6 4. e3 c5 5. c3 Nc6 6. Nbd2 cxd4 7. exd4 Ne4 8. Be3 Bd6 9. g3 h6 10. Bd3 Nf6 11. O-O O-O 12. Re1 a6 13. a4 Ng4 14. Qe2 Qc7 15. Nh4 f5 16. f4 Nxe3 17. Qxe3 e5 18. Ng6 exd4 19. cxd4 Rf6 20. Qe8+ Kh7 21. Nh4 Nxd4 22. Rac1 Nc6 23. Ndf3 Qf7 24. Nxf5 Bxf5 25. Bxf5+ Rxf5 26. Qxa8 Bxf4 27. gxf4 Rxf4 28. Rxc6 bxc6 29. Ne5 Qf5 30. Qxc6 d4 31. Qd5 Qg5+ 32. Kh1 1-0

[Event "UKR-ch Semifinal 2019"]
[Site "Omelnyk"]
[Date "2019.10.11"]
[Round "6.5"]
[White "Malovanyi, Yulian"]
[Black "Neverov, Valeriy"]
[Result "1/2-1/2"]
[WhiteElo "2351"]
[BlackElo "2477"]
[Annotator "ChessBase"]
[PlyCount "77"]
[EventDate "2019.10.06"]
[EventType "swiss"]
[EventCountry "UKR"]
[SourceTitle "playchess.com"]
[Source "ChessBase"]
[SourceQuality "1"]
[TimeControl "40/5400+30:1800+30"]

1. e4 c5 2. Nc3 d6 3. Nge2 Nf6 4. g3 g6 5. Bg2 Bg7 6. O-O Nc6 7. d3 Bd7 8. h3 Rb8 9. Nd5 Nxd5 10. exd5 Nd4 11. Re1 O-O 12. Nxd4 cxd4 13. Bg5 Re8 14. Qd2 Rc8 15. Re2 Qb6 16. Rae1 e5 17. dxe6 Rxe6 18. b3 Rc5 19. h4 Rce5 20. Bh3 Rxe2 21. Rxe2 Rxe2 22. Qxe2 Bc6 23. Bg2 h6 24. Bf4 Bxg2 25. Kxg2 Qc6+ 26. Kh2 b5 27. Qd1 Kh7 28. Kg1 h5 29. Kh2 Be5 30. Bxe5 dxe5 31. Qe2 f6 32. Kg1 a5 33. Qe4 Qc7 34. Qd5 b4 35. Qc4 Qd8 36. Qc5 Kg7 37. a3 bxa3 38. Qxa3 Qc7 39. b4 1/2-1/2

[Event "UKR-ch Semifinal 2019"]
[Site "Omelnyk"]
[Date "2019.10.11"]
[Round "6.6"]
[White "Bondar, Dmytro"]
[Black "Golubka, Petro"]
[Result "0-1"]
[WhiteElo "2281"]
[BlackElo "2471"]
[Annotator "ChessBase"]
[PlyCount "69"]
[EventDate "2019.10.06"]
[EventType "swiss"]
[EventCountry "UKR"]
[SourceTitle "playchess.com"]
[Source "ChessBase"]
[SourceQuality "1"]
[TimeControl "40/5400+30:1800+30"]

1. e4 e6 2. d4 d5 3. Nc3 Nc6 4. Nf3 Nf6 5. e5 Ne4 6. Bb5 Bb4 7. Qd3 Bd7 8. Nd2 f5 9. exf6 Nxf6 10. O-O O-O 11. Nf3 Bd6 12. Bg5 Nb4 13. Qe2 c6 14. Ba4 a5 15. a3 Na6 16. Ne5 Nc7 17. Nb1 Be8 18. c3 c5 19. Bc2 Bb5 20. Bd3 Qe8 21. Bxb5 Nxb5 22. a4 Na7 23. dxc5 Bxe5 24. Qxe5 Ne4 25. Be3 Qe7 26. Qh5 Nc6 27. Nd2 Nxd2 28. Bxd2 Qxc5 29. Rae1 Rae8 30. Re3 Rf7 31. Rh3 g6 32. Rg3 Ne7 33. Be3 Qc6 34. Bd4 Qd6 35. Re1 0-1

[Event "UKR-ch Semifinal 2019"]
[Site "Omelnyk"]
[Date "2019.10.12"]
[Round "7.1"]
[White "Vysochin, Spartak"]
[Black "Bernadskiy, Vitaliy"]
[Result "1/2-1/2"]
[WhiteElo "2497"]
[BlackElo "2554"]
[Annotator "ChessBase"]
[PlyCount "29"]
[EventDate "2019.10.06"]
[EventType "swiss"]
[EventCountry "UKR"]
[SourceTitle "playchess.com"]
[Source "ChessBase"]
[SourceQuality "1"]
[TimeControl "40/5400+30:1800+30"]

1. e4 c6 2. d4 d5 3. Nd2 dxe4 4. Nxe4 Bf5 5. Ng3 Bg6 6. Nf3 Nd7 7. Bd3 Ngf6 8. O-O e6 9. b3 Bd6 10. c4 O-O 11. Bb2 Qc7 12. Bxg6 hxg6 13. Qe2 Rfe8 14. Rfe1 Rad8 15. Bc3 1/2-1/2

[Event "UKR-ch Semifinal 2019"]
[Site "Omelnyk"]
[Date "2019.10.12"]
[Round "7.2"]
[White "Kovchan, Alexander"]
[Black "Bakhmatsky, Vladislav"]
[Result "1-0"]
[WhiteElo "2570"]
[BlackElo "2445"]
[Annotator "TA"]
[PlyCount "49"]
[EventDate "2019.10.06"]
[EventType "swiss"]
[EventCountry "UKR"]
[SourceTitle "playchess.com"]
[Source "ChessBase"]
[SourceQuality "1"]

{[%evp 11,49,0,31,25,24,34,19,-34,0,0,9,16,26,0,12,-35,-6,-25,0,0,0,0,0,0,81,79,138,139,112,104,670,647,922,745,904,889,29996,29997,29997,29998]} 1. e4 c5 2. Nf3 d6 3. d4 cxd4 4. Nxd4 Nf6 5. Nc3 a6 6. Nb3 Nc6 7. Be3 {B56: Classical Sicilian: Unusual Lines} e6 8. g4 b5 9. Bg2 (9. g5 $11 Nd7 10. a3) 9... Bb7 (9... b4 $5 {[%cal Rb4c3]} 10. Na4 Ne5 $11) (9... Ne5 10. g5 Nfd7 11. Qd4 Nc4 12. Bc1 Bb7 13. a4 Bc6 14. axb5 axb5 15. Rxa8 Qxa8 {½-½ (28) Esipenko,A (2603)-Grandelius,N (2694) Skopje 2019}) 10. f4 $146 ({Predecessor:} 10. g5 Nd7 11. Qe2 Nce5 12. f4 Nc4 13. O-O-O Be7 {1-0 (28) Gascon del Nogal,J (2446)-Forcen Esteban,D (2541) Lorca 2016}) 10... Nd7 11. Qe2 Be7 12. g5 Na5 13. h4 Nc4 14. O-O-O Rc8 15. Bd4 $36 {[%mdl 2048] Black is under pressure.} O-O 16. f5 b4 17. Na4 e5 (17... exf5 $11 {keeps the balance.} 18. exf5 Re8) 18. Bf2 $1 $16 Qc7 {[#]} ({Don't go for} 18... Bxg5+ $2 19. hxg5 Qxg5+ 20. Nd2 (20. Kb1 Qxg2 21. Rh4 Bc6 $11)) (18... Bc6 $142 19. Qxc4 {[%mdl 64] Double Attack} Bxg5+ 20. Kb1 (20. hxg5 Qxg5+ {[%mdl 64] Double Attack} 21. Rd2 Qxg2 $11) 20... Bxa4 21. Qxb4 (21. Qxa6 Bxb3 22. axb3 Be7 $11) 21... Bxb3 22. axb3 Qc7) 19. f6 $1 {[%cal Rf6e7][%mdl 512]} gxf6 {[#]} 20. Bh3 $1 Bc6 $2 {[%mdl 8192] [#]} (20... fxg5 $16 21. hxg5 Bxg5+ 22. Kb1 Kh8) 21. Bf5 $1 $18 {[%mdl 512] White threatens Qh5 and mate.} Rfd8 22. Rdg1 {Threatening mate with Qh5.} ({Weaker is} 22. Qxc4 Bxa4 23. Qxc7 Rxc7 $14) 22... Kf8 23. Qh5 ({Not} 23. Qxc4 Bxa4 24. Qxc7 Rxc7 $16) 23... Bxa4 24. Qxh7 {[%cal Rh7h8]} Ke8 25. g6 {Accuracy: White = 70%, Black = 29%.} 1-0

[Event "UKR-ch Semifinal 2019"]
[Site "Omelnyk"]
[Date "2019.10.12"]
[Round "7.3"]
[White "Golubka, Petro"]
[Black "Mirzoev, Emil"]
[Result "1-0"]
[WhiteElo "2471"]
[BlackElo "2455"]
[Annotator "ChessBase"]
[PlyCount "63"]
[EventDate "2019.10.06"]
[EventType "swiss"]
[EventCountry "UKR"]
[SourceTitle "playchess.com"]
[Source "ChessBase"]
[SourceQuality "1"]
[TimeControl "40/5400+30:1800+30"]

1. e4 d5 2. exd5 Qxd5 3. Nc3 Qa5 4. d4 c6 5. Bc4 Bf5 6. Nf3 e6 7. Bd2 Nf6 8. Nd5 Qd8 9. Nxf6+ gxf6 10. O-O Nd7 11. Re1 Qc7 12. Nh4 Bg6 13. a4 O-O-O 14. a5 a6 15. b4 f5 16. g3 Be7 17. Nf3 Nf6 18. Bf4 Bd6 19. Bg5 Be7 20. Ne5 Nd5 21. Bxe7 Qxe7 22. Bxd5 cxd5 23. b5 f6 24. Nd3 Rd6 25. bxa6 bxa6 26. Rb1 Be8 27. Qf3 Bb5 28. Nc5 Re8 29. c4 Bxc4 30. Rec1 Qa7 31. Rb7 Qa8 32. Qh5 1-0

[Event "UKR-ch Semifinal 2019"]
[Site "Omelnyk"]
[Date "2019.10.12"]
[Round "7.4"]
[White "Polivanov, Anatoliy"]
[Black "Baidetskyi, Valentin"]
[Result "1/2-1/2"]
[WhiteElo "2411"]
[BlackElo "2412"]
[Annotator "NA"]
[PlyCount "42"]
[EventDate "2019.10.06"]
[EventType "swiss"]
[EventCountry "UKR"]
[SourceTitle "playchess.com"]
[Source "ChessBase"]
[SourceQuality "1"]
[TimeControl "40/5400+30:1800+30"]

1. e4 c6 2. Be2 d5 3. e5 Bf5 4. Nf3 e6 5. d4 c5 6. O-O Nc6 7. c3 Bg6 8. dxc5 Bxc5 9. b4 Bb6 10. b5 Na5 11. Ba3 Rc8 12. Bb4 Ne7 13. Nbd2 O-O 14. Rc1 Re8 15. Nd4 Nc4 16. Nxc4 dxc4 17. Bd6 Nd5 18. Qd2 Qh4 19. f4 Bh5 20. Bxh5 Qxh5 21. Rf3 Qf5 1/2-1/2